[Event "4th ch-Asia"]
[Site "Doha QAT"]
[Date "2003.03.02"]
[Round "9"]
[White "Wu Shaobin"]
[Black "Aliev, K."]
[Result "1-0"]
[WhiteElo "2545"]
[BlackElo "2317"]
[PlyCount "227"]
[EventDate "2003.02.22"]
[SourceDate "2003.03.03"]

1. d4 d5 2. c4 c6 3. Nf3 Nf6 4. e3 e6 5. Bd3 Nbd7 6. Nbd2 Bd6 7. O-O O-O 8. e4
dxe4 9. Nxe4 Nxe4 10. Bxe4 Nf6 11. Bc2 Qc7 12. b3 Rd8 13. Qe2 Bd7 14. Bb2 Be7
15. Ne5 Be8 16. Rad1 c5 17. Rd3 cxd4 18. Bxd4 b5 19. Rfd1 bxc4 20. Nxc4 Bb5 21.
Be5 Qc5 22. h3 Rxd3 23. Bxd3 Rd8 24. Bb2 Qh5 25. Qc2 Rc8 26. Re1 Qh4 27. Bf1
Nd5 28. g3 Qh6 29. Qe4 Bc6 30. Ne5 Ba8 31. Qa4 Bc5 32. Qd7 Rf8 33. Qb5 Rc8 34.
Qd7 Rf8 35. Qb5 Rc8 36. Re2 Qg5 37. Kh2 Qf5 38. Qd3 Qxd3 39. Nxd3 Bd6 40. Be5
Ba3 41. Bb2 Bd6 42. Be5 Ba3 43. Bg2 a5 44. Nb2 f6 45. Nc4 Bf8 46. Bb2 a4 47.
Rxe6 axb3 48. axb3 Rb8 49. Re2 Rxb3 50. Re8 Bc6 51. Rc8 Ne7 52. Rxc6 Nxc6 53.
Bxc6 Kh8 54. Bd5 Rd3 55. Be4 Rb3 56. Bd4 Rb5 57. Kg2 Bc5 58. Bxc5 Rxc5 59. Ne3
g6 60. g4 Kg7 61. Kf3 h5 62. Bd5 hxg4+ 63. hxg4 Ra5 64. Be4 Ra3 65. Kf4 Ra2 66.
f3 Ra5 67. Nd5 Rc5 68. Ne7 g5+ 69. Ke3 Ra5 70. Nf5+ Kf7 71. Bd3 Ke6 72. Nd4+
Kf7 73. Bc4+ Kg6 74. Nf5 Ra3+ 75. Ke4 Ra4 76. Kd5 Ra5+ 77. Ke6 Re5+ 78. Kd6 Re1
79. Be6 Rd1+ 80. Ke7 Re1 81. Nd4 Re3 82. Kf8 f5 83. Bxf5+ Kf6 84. Be4 Ke5 85.
Nf5 Ra3 86. Kf7 Kf4 87. Kg6 Ra6+ 88. Kh5 Ra1 89. Ne7 Rh1+ 90. Kg6 Ra1 91. Nd5+
Ke5 92. Kxg5 Rg1 93. Nf6 Ke6 94. Bd5+ Ke7 95. f4 Kf8 96. Kg6 Rf1 97. f5 Rf4 98.
g5 Rh4 99. Nh7+ Ke7 100. f6+ Kd6 101. Bg8 Ke5 102. f7 Rf4 103. Nf6 Rd4 104.
f8=Q Rd1 105. Qe7+ Kf4 106. Qe4+ Kg3 107. Qe3+ Kh2 108. Qe2+ Kg1 109. Qxd1+ Kg2
110. Qe2+ Kg1 111. Qe1+ Kg2 112. Bd5+ Kh3 113. Qh1+ Kg3 114. Qg2+ 1-0

[Event "4th ch-Asia"]
[Site "Doha QAT"]
[Date "2003.03.02"]
[Round "9"]
[White "Kostenko, P."]
[Black "Isaev, J."]
[Result "1-0"]
[WhiteElo "2497"]
[BlackElo "2438"]
[PlyCount "45"]
[EventDate "2003.02.22"]
[SourceDate "2003.03.03"]

1. c4 Nf6 2. g3 g6 3. Bg2 d5 4. cxd5 Nxd5 5. Nc3 Nb6 6. d3 Bg7 7. Be3 O-O 8.
Qd2 Re8 9. Bh6 Bh8 10. h4 c5 11. Nf3 Nc6 12. h5 c4 13. hxg6 hxg6 14. O-O-O cxd3
15. Bf8 Bf6 16. Qh6 Nc4 17. exd3 Qa5 18. dxc4 Bxc3 19. Nd4 Bxb2+ 20. Kxb2 Qe5
21. Qh7+ Kxf8 22. Qh8+ Qxh8 23. Rxh8+ 1-0

[Event "4th ch-Asia"]
[Site "Doha QAT"]
[Date "2003.03.02"]
[Round "9"]
[White "Thipsay, P."]
[Black "Al Sayed, Mohamad"]
[Result "1/2-1/2"]
[WhiteElo "2465"]
[BlackElo "2431"]
[PlyCount "98"]
[EventDate "2003.02.22"]
[SourceDate "2003.03.03"]

1. e4 c5 2. Nf3 Nc6 3. d4 cxd4 4. Nxd4 Nf6 5. Nc3 e5 6. Ndb5 d6 7. Bg5 a6 8.
Na3 b5 9. Bxf6 gxf6 10. Nd5 f5 11. Bd3 Be6 12. O-O Bxd5 13. exd5 Ne7 14. c3 Bg7
15. Qh5 e4 16. Bc2 O-O 17. Rae1 Qc8 18. Bb3 a5 19. Qg5 Qd7 20. f3 Ng6 21. fxe4
f4 22. Qf5 Qb7 23. Kh1 Rac8 24. Nb1 b4 25. Qh3 Rc7 26. Ba4 bxc3 27. Nxc3 Qb4
28. Nb5 Rc5 29. Qb3 Be5 30. Qxb4 axb4 31. Rc1 Rfc8 32. Rxc5 Rxc5 33. b3 Rc2 34.
Na7 Bd4 35. Nc6 Bc5 36. g3 fxg3 37. hxg3 Rxa2 38. Bb5 Kg7 39. Bc4 Rc2 40. Rf5
Rc1+ 41. Kg2 Re1 42. Bd3 Rg1+ 43. Kf3 f6 44. Kg4 Rc1 45. Rf3 Rc3 46. Be2 Rc1
47. Kf5 Rc2 48. Bd3 Rc3 49. Be2 Rc2 1/2-1/2

[Event "4th ch-Asia"]
[Site "Doha QAT"]
[Date "2003.03.02"]
[Round "9"]
[White "Villamayor, B."]
[Black "Sundararajan, K."]
[Result "1-0"]
[WhiteElo "2489"]
[BlackElo "2416"]
[PlyCount "83"]
[EventDate "2003.02.22"]
[SourceDate "2003.03.03"]

1. d4 d5 2. c4 c6 3. Nf3 Nf6 4. e3 Bf5 5. cxd5 cxd5 6. Qb3 Qc7 7. Nc3 e6 8. Bd2
Nc6 9. Rc1 Be7 10. Bb5 O-O 11. O-O Nd7 12. Na4 a6 13. Be2 b5 14. Nc5 Nxc5 15.
dxc5 e5 16. Qxd5 Rad8 17. Qb3 e4 18. Nd4 Bf6 19. Bc3 Bxd4 20. Bxd4 Nxd4 21.
exd4 Rxd4 22. Qc3 Rfd8 23. Rfd1 Qe5 24. Rxd4 Qxd4 25. Qxd4 Rxd4 26. Rd1 Rxd1+
27. Bxd1 Kf8 28. Kf1 Ke7 29. Ke2 Ke6 30. Bb3+ Ke5 31. Bxf7 Kd4 32. c6 Kc5 33.
Be8 Kd6 34. Ke3 g5 35. b4 h6 36. Kd4 Bh7 37. a3 Bf5 38. Bd7 Bg6 39. g4 Bh7 40.
Be8 Bg8 41. Kxe4 Be6 42. Bd7 1-0

[Event "4th ch-Asia"]
[Site "Doha QAT"]
[Date "2003.03.02"]
[Round "9"]
[White "Dzhumaev, M."]
[Black "Mohammadi, H."]
[Result "1-0"]
[WhiteElo "2507"]
[BlackElo "2250"]
[PlyCount "75"]
[EventDate "2003.02.22"]
[SourceDate "2003.03.03"]

1. e4 c5 2. Nf3 d6 3. Bc4 Nf6 4. d3 Nc6 5. c3 e6 6. Bb3 Be7 7. O-O b5 8. d4 d5
9. exd5 Nxd5 10. dxc5 Bxc5 11. Qe2 a6 12. a4 Rb8 13. axb5 axb5 14. Na3 b4 15.
Nb5 O-O 16. c4 Nf6 17. Bg5 Be7 18. Bc2 Qb6 19. Nd2 Nd4 20. Nxd4 Qxd4 21. Nf3
Qc5 22. Ne5 Rd8 23. Rae1 Bb7 24. Bxf6 Bxf6 25. Bxh7+ Kf8 26. Nxf7 Qc6 27. Be4
Qxe4 28. Qxe4 Bxe4 29. Nxd8 Bf5 30. Nc6 Rc8 31. Ne5 b3 32. c5 Ke7 33. c6 g5 34.
Re3 Kd6 35. Rd1+ Ke7 36. Rd7+ Ke8 37. Rb7 Bc2 38. h3 1-0

[Event "4th ch-Asia"]
[Site "Doha QAT"]
[Date "2003.03.02"]
[Round "9"]
[White "Kakageldyev, A."]
[Black "Ahmed, SN."]
[Result "1-0"]
[WhiteElo "2469"]
[BlackElo "2309"]
[PlyCount "63"]
[EventDate "2003.02.22"]
[SourceDate "2003.03.03"]

1. d4 Nf6 2. c4 e6 3. Nc3 Bb4 4. Qc2 O-O 5. a3 Bxc3+ 6. Qxc3 b6 7. Bg5 Bb7 8.
Nf3 d6 9. e3 Nbd7 10. Be2 Rc8 11. Bh4 c5 12. dxc5 Rxc5 13. b4 Rc8 14. Qd4 Qc7
15. Rd1 d5 16. Bg3 Qd8 17. cxd5 Nxd5 18. Bb5 N7f6 19. Qh4 Qe7 20. Be5 Rfd8 21.
O-O Nc3 22. Bxc3 Rxc3 23. Ne5 Qc7 24. h3 h6 25. Ng4 Nd5 26. a4 Ne7 27. Nxh6+
gxh6 28. Qg3+ Qxg3 29. Rxd8+ Kg7 30. fxg3 Nf5 31. Rd7 Bd5 32. Rxf5 1-0

[Event "4th ch-Asia"]
[Site "Doha QAT"]
[Date "2003.03.02"]
[Round "9"]
[White "Issa, R."]
[Black "Sharavdorj, D."]
[Result "1-0"]
[WhiteElo "2331"]
[BlackElo "2438"]
[PlyCount "161"]
[EventDate "2003.02.22"]
[SourceDate "2003.03.03"]

1. Nf3 Nf6 2. c4 g6 3. Nc3 Bg7 4. e4 d6 5. d4 O-O 6. Be2 e5 7. O-O Nc6 8. d5
Ne7 9. Ne1 Nd7 10. Nd3 f5 11. f3 Kh8 12. Rb1 Nf6 13. b4 c6 14. Be3 cxd5 15.
cxd5 f4 16. Bf2 g5 17. a4 Ng6 18. a5 h5 19. Nb5 a6 20. Bb6 Qe7 21. Nc7 Rb8 22.
Ba7 Qxc7 23. Rc1 Qe7 24. Bxb8 g4 25. Rc7 Qd8 26. Rxc8 Qxc8 27. Bxd6 Re8 28. Qc1
Qa8 29. Qb2 Nh7 30. fxg4 h4 31. h3 Qd8 32. Bc5 Qd7 33. Bf2 Ng5 34. Nc5 Qf7 35.
Bf3 Bf8 36. Rc1 Bd6 37. Nd3 Qd7 38. Bc5 Bb8 39. Qd2 Nf7 40. Bf2 Ng5 41. Nc5 Qe7
42. Na4 Qh7 43. Qe2 Ne7 44. b5 Ng8 45. bxa6 bxa6 46. Rc6 Rf8 47. Bc5 Rf7 48.
Rc8 Bc7 49. Nb6 Qg6 50. Qe1 Kg7 51. Bf8+ Kh8 52. Qb4 Qf6 53. Bc5 Bd8 54. Nc4
Rd7 55. Qb2 Nf7 56. Rc6 Qg7 57. Rxa6 Ne7 58. Re6 Ng5 59. Rxe5 Ng8 60. Rf5 Qxb2
61. Nxb2 Rc7 62. d6 Rc6 63. d7 Ne6 64. Bb6 Bxb6+ 65. axb6 Rxb6 66. Nd3 Rd6 67.
Rd5 Rxd5 68. exd5 Nd8 69. Nxf4 Nh6 70. g5 Nhf7 71. Ne6 Nb7 72. d6 Nbd8 73. Nxd8
Nxd8 74. Bd5 Kg7 75. Kf2 Kg6 76. Kf3 Kxg5 77. Ke4 Kg6 78. Ke5 Kg5 79. Be4 Kh6
80. Kf6 Kh5 81. Ke7 1-0

[Event "4th ch-Asia"]
[Site "Doha QAT"]
[Date "2003.03.02"]
[Round "9"]
[White "Al Zendani, Z."]
[Black "Annaberdiev, M."]
[Result "0-1"]
[WhiteElo "2313"]
[BlackElo "2405"]
[PlyCount "150"]
[EventDate "2003.02.22"]
[SourceDate "2003.03.03"]

1. e4 c6 2. d4 d5 3. Nc3 dxe4 4. Nxe4 Nf6 5. Nxf6+ gxf6 6. Bc4 Bf5 7. Ne2 e6 8.
O-O h5 9. Bd3 Bxd3 10. Qxd3 Bd6 11. Qf3 Nd7 12. Bf4 Qc7 13. Bxd6 Qxd6 14. c3 h4
15. b4 Qd5 16. Qd3 Ne5 17. Qh3 Ng6 18. a4 Ke7 19. Rfc1 Qc4 20. Re1 a6 21. Qf3
Qd5 22. Qxd5 cxd5 23. a5 Kd7 24. f4 f5 25. Rec1 Rhc8 26. Rab1 Rc4 27. Kf2 Kc6
28. Kf3 Kb5 29. Rg1 Rh8 30. Rbc1 Ne7 31. g3 hxg3 32. hxg3 Nc8 33. Rh1 Rf8 34.
Rh7 Nd6 35. Ke3 Ne4 36. Kd3 Rc7 37. Rg1 Rfc8 38. Rc1 Rg8 39. Rg1 Nf6 40. Rh6
Ne4 41. Rh7 Nd6 42. Rgh1 Ne4 43. Rh8 Rcc8 44. Rxg8 Rxg8 45. Rh7 Nd6 46. Rh1 Kc6
47. Rh7 Kd7 48. Ke3 Ke7 49. Rh1 Rc8 50. Kf3 Ne4 51. Rc1 Kd7 52. Kg2 Kd6 53. Rc2
Rc4 54. Kf3 Kc6 55. Ke3 Kb5 56. Kd3 Rc8 57. Rc1 Rh8 58. c4+ dxc4+ 59. Rxc4 Nf2+
60. Kc3 Ne4+ 61. Kd3 b6 62. Rc7 bxa5 63. bxa5 Rf8 64. d5 Kxa5 65. Kd4 Rd8 66.
Rxf7 Rxd5+ 67. Ke3 Nc5 68. Nd4 Kb4 69. Rf6 Kc4 70. Nc6 Rd3+ 71. Ke2 Rxg3 72.
Rf8 Kd5 73. Nb4+ Ke4 74. Rc8 Rg2+ 75. Kf1 Rb2 0-1

[Event "4th ch-Asia"]
[Site "Doha QAT"]
[Date "2003.03.02"]
[Round "9"]
[White "Janahi, Z."]
[Black "Altanoch, G."]
[Result "0-1"]
[WhiteElo "2245"]
[BlackElo "2284"]
[PlyCount "94"]
[EventDate "2003.02.22"]
[SourceDate "2003.03.03"]

1. e4 c6 2. d4 d5 3. Nc3 dxe4 4. Nxe4 Bf5 5. Ng3 Bg6 6. Nf3 Nd7 7. h4 h6 8. h5
Bh7 9. Bd3 Bxd3 10. Qxd3 Ngf6 11. Bd2 e6 12. O-O-O Be7 13. c4 O-O 14. Ne4 b5
15. c5 Nxc5 16. Nxc5 Bxc5 17. Bxh6 gxh6 18. dxc5 Qxd3 19. Rxd3 Rfd8 20. Rhd1
Rd5 21. Rxd5 cxd5 22. Nd4 b4 23. Kc2 Rc8 24. Kb3 Rxc5 25. Kxb4 Rc4+ 26. Ka5
Nxh5 27. Rd2 Nf6 28. b3 Rc7 29. Nb5 Rd7 30. f3 e5 31. Ka6 d4 32. b4 Nd5 33. a3
f5 34. Nxa7 e4 35. fxe4 fxe4 36. Nc6 d3 37. Ne5 Rd6+ 38. Ka7 Nc3 39. Nc4 Rd4
40. Ne3 Nb5+ 41. Ka6 Nxa3 42. Ra2 Nc4 43. Nd1 e3 44. Nc3 d2 45. Ra1 Rd3 46. b5
Rxc3 47. b6 Nxb6 0-1

[Event "4th ch-Asia"]
[Site "Doha QAT"]
[Date "2003.03.02"]
[Round "9"]
[White "Al Marri, O."]
[Black "Al Tamimi, H."]
[Result "1/2-1/2"]
[WhiteElo "2098"]
[BlackElo "2182"]
[PlyCount "20"]
[EventDate "2003.02.22"]
[SourceDate "2003.03.03"]

1. e4 c6 2. d4 d5 3. exd5 cxd5 4. Bd3 Nc6 5. c3 Nf6 6. h3 e5 7. dxe5 Nxe5 8.
Nf3 Nxd3+ 9. Qxd3 Be7 10. O-O O-O 1/2-1/2

[Event "4th ch-Asia"]
[Site "Doha QAT"]
[Date "2003.03.02"]
[Round "9"]
[White "Nezad, H."]
[Black "Kayle, C."]
[Result "1-0"]
[WhiteElo "2334"]
[BlackElo "2063"]
[PlyCount "145"]
[EventDate "2003.02.22"]
[SourceDate "2003.03.03"]

1. e4 c5 2. Nf3 e6 3. c3 d5 4. exd5 Qxd5 5. d4 Nc6 6. Be3 cxd4 7. cxd4 Nf6 8.
a3 Be7 9. Nc3 Qd6 10. Bd3 O-O 11. O-O a6 12. Qe2 b5 13. Rad1 Bb7 14. Bg5 Rad8
15. Rfe1 Rfe8 16. Bb1 Qb8 17. Qc2 g6 18. Ba2 Ng4 19. Bxe7 Nxe7 20. Ne4 Qf4 21.
h3 Nf6 22. Nfg5 Bxe4 23. Nxe4 Nxe4 24. Rxe4 Qd6 25. Qe2 Nd5 26. Re5 Qc6 27. g3
Kg7 28. h4 h5 29. Bb3 Nf6 30. Rc5 Qe4 31. Qxe4 Nxe4 32. Rc6 Rd6 33. Rxd6 Nxd6
34. d5 e5 35. Rc1 Rc8 36. Rc6 Rxc6 37. dxc6 Ne8 38. f3 f6 39. Kf2 Kf8 40. Ke3
Ke7 41. Ke4 Nc7 42. f4 exf4 43. gxf4 Kf8 44. Kd4 g5 45. fxg5 fxg5 46. hxg5 h4
47. Bd5 Ke7 48. Bh1 Ne6+ 49. Kd5 Nxg5 50. Kc5 Kd8 51. Kb6 Ne6 52. Kxa6 Nc7+ 53.
Kb7 h3 54. b3 Ne6 55. a4 bxa4 56. bxa4 Nc5+ 57. Kb8 Na6+ 58. Ka7 Nc7 59. Kb7
Ne6 60. a5 Nc5+ 61. Kb6 Ne6 62. a6 Kc8 63. Bf3 h2 64. Bg4 h1=Q 65. Bxe6+ Kd8
66. c7+ Ke7 67. c8=Q Qb1+ 68. Ka7 Qg1+ 69. Kb8 Kf6 70. Bd5 Qb6+ 71. Bb7 Qd6+
72. Ka8 Ke5 73. Qb8 1-0

[Event "4th ch-Asia"]
[Site "Doha QAT"]
[Date "2003.03.02"]
[Round "9"]
[White "Saleh, Nab"]
[Black "Ayyad, M."]
[Result "1-0"]
[WhiteElo "2324"]
[BlackElo "2200"]
[PlyCount "79"]
[EventDate "2003.02.22"]
[SourceDate "2003.03.03"]

1. d4 d5 2. Nf3 e6 3. c4 Nf6 4. Bg5 c6 5. Qc2 h6 6. Bxf6 Qxf6 7. Nc3 Bd6 8.
cxd5 exd5 9. Nxd5 Qd8 10. Nc3 O-O 11. e3 Bg4 12. Be2 Nd7 13. h3 Bh5 14. O-O Qe7
15. Rfe1 Rfe8 16. Nd2 Bxe2 17. Rxe2 Nf8 18. Nce4 Bb4 19. Ng3 Bxd2 20. Rxd2 Ng6
21. Qc5 Qxc5 22. dxc5 Rad8 23. Rad1 Rxd2 24. Rxd2 Re5 25. Rd8+ Kh7 26. Rd7 Re7
27. Rxe7 Nxe7 28. Ne4 Kg6 29. Kf1 b6 30. Ke2 Kf5 31. cxb6 axb6 32. Nc3 Ke6 33.
Kd3 f5 34. Kd4 Nc8 35. Na4 Kd6 36. b4 Ke6 37. f3 g5 38. g4 Kf6 39. Nb2 Nd6 40.
a4 1-0